[Event "Modelo CC U2000 3rd"]
[Site "Uruguay"]
[Date "2003.08.08"]
[Round "1"]
[White "Prato, Gustavo"]
[Black "Salchi, Eduardo"]
[Result "1/2-1/2"]
[WhiteElo "1708"]
[BlackElo "1964"]
[PlyCount "106"]
[EventDate "2003.08.??"]
[EventType "swiss"]
[EventRounds "5"]
[EventCountry "URU"]
[SourceTitle "EXT 2005"]
[Source "ChessBase"]
[SourceDate "2004.11.15"]
[SourceVersion "1"]
[SourceVersionDate "2004.11.15"]
[SourceQuality "1"]

1. d4 Nf6 2. c4 e6 3. Nf3 d5 4. Bg5 Nbd7 5. Nc3 Be7 6. h3 0-0 7. e3 c6 8. Be2 dxc4 9. Bxc4 Nd5 10. Bxe7 Qxe7 11. 0-0 Nxc3 12. bxc3 e5 13. Qc2 e4 14. Nd2 Nf6 15. Rab1 Bf5 16. Qb3 Rab8 17. Be2 b5 18. Qb4 Qe6 19. c4 a6 20. a4 Rfd8 21. axb5 cxb5 22. cxb5 axb5 23. g4 Nxg4 24. Qc5 Rb6 25. Rxb5 Rxb5 26. Qxb5 Nf6 27. Bc4 Nd5 28. Bxd5 Qxd5 29. Qxd5 Rxd5 30. Rb1 Kf8 31. Kg2 Rd6 32. Nc4 Rg6+ 33. Kh2 Rh6 34. Rb8+ Ke7 35. Rb7+ Kf6 36. Ne5 Rxh3+ 37. Kg2 Be6 38. Rxf7+ Bxf7 39. Kxh3 Be6+ 40. Kg3 Kg5 41. f3 exf3 42. Kxf3 h5 43. e4 h4 44. d5 Bc8 45. d6 h3 46. d7 Bxd7 47. Nxd7 h2 48. Kg2 Kf4 49. Nc5 Ke5 50. Kxh2 Kd4 51. Kg3 Kxc5 52. Kf4 Kd6 53. Kf5 Ke7 1/2-1/2